Switzeland your partner

Spremljeno u:
Bibliografski detalji
Glavni autor: Jean-Pascal Delamuraz
Format: Knjiga
Jezik:Undetermined
Izdano: Switzeland Swiss office for trade promotion 1987
Oznake: Dodaj oznaku
Bez oznaka, Budi prvi tko označuje ovaj zapis!
Thư viện lưu trữ: Trung tâm Học liệu Trường Đại học Cần Thơ
LEADER 00359nam a2200121Ia 4500
001 CTU_86306
008 210402s9999 xx 000 0 und d
100 |a Jean-Pascal Delamuraz 
245 0 |a Switzeland your partner 
260 |a Switzeland 
260 |b Swiss office for trade promotion 
260 |c 1987 
980 |a Trung tâm Học liệu Trường Đại học Cần Thơ